| 000 | 00865nam a22001697a 4500 | ||
|---|---|---|---|
| 005 | 20230614131601.0 | ||
| 008 | 230614b ||||| |||| 00| 0 eng d | ||
| 020 | _a9789988848897 | ||
| 050 | _aHD9577.G42.A86 | ||
| 100 | _9Asamoah, Joe | ||
| 245 |
_aMaking the Oil & Gas find in Ghana a blessing. / _cJoe Asamoah |
||
| 260 |
_aAccra: _bJoasa Publications, _c2013. |
||
| 300 |
_axi, 148p.: _c24 cm. |
||
| 500 | _aIncludes appendix and glossary. | ||
| 505 | _aCONTENTS: Introduction -- Global oil and Gas exploitation -- Prospects of Ghana's offshore oil and gas discoveries -- Major stakeholders in oil and gas exploration and exploitation in Ghana -- Socioeconomic & environmental aspects of the industry -- Preventing the oil and gas curse in Ghana -- Latter-day scramble for Africa -- New developments and relevance of the watchdog paradigm. | ||
| 942 |
_2lcc _cBK |
||
| 999 |
_c9678 _d17178 |
||